NFL Team to State Abbreviation - Statistics

General Stats
  • This quiz has been taken 15,236 times
  • The average score is 22 of 32
Answer Stats
Hint Answer % Correct
Texans TX
81%
Cowboys TX
80%
Jets NY
79%
49ers CA
78%
Dolphins FL
78%
Giants NY
78%
Buccaneers FL
77%
Eagles PA
76%
Steelers PA
76%
Seahawks WA
76%
Bills NY
75%
Browns OH
75%
Titans TN
75%
Broncos CO
74%
Bears IL
74%
Jaguars FL
73%
Saints LA
73%
Chargers CA
72%
Rams CA
72%
Bengals OH
72%
Falcons GA
71%
Lions MI
71%
Packers WI
70%
Colts IN
67%
Vikings MN
67%
Patriots MA
63%
Panthers NC
61%
Ravens MD
60%
Cardinals AZ
57%
Raiders NV
56%
Commanders DC
46%
Chiefs MO
42%
No matching quizzes found
Score Distribution
Percent of People with Each Score
Percentile by Number Answered
Your Score History
You have not taken this quiz